| Tag |
First Indicator |
Second Indicator |
Subfields |
| LEADER |
00000cam a22000001a 4500 |
| 001 |
in00003348421 |
| 006 |
m d f |
| 007 |
cr bn mmmapmmp |
| 008 |
110210s2004 dcu o f000 0 eng d |
| 005 |
20260501143650.7 |
| 035 |
|
|
|a cis2007800038
|
| 040 |
|
|
|a ProQuest
|c ProQuest
|d UtOrBLW
|
| 043 |
|
|
|a n-us---
|
| 099 |
|
|
|a CMP-2004-BGH-0106
|
| 245 |
0 |
0 |
|a Appropriations Update :
|b Vol. 4, No. 2: Homeland Security Appropriations Bill for FY2005 -- H.R. 4567 /
|c United States House Committee on the Budget, One Hundred Eigth Congress, second session.
|
| 264 |
|
1 |
|a Washington :
|b U.S. G.P.O.,
|c 2004.
|
| 300 |
|
|
|a 1 online resource.
|
| 336 |
|
|
|a text
|b txt
|2 rdacontent
|
| 337 |
|
|
|a computer
|b c
|2 rdamedia
|
| 338 |
|
|
|a online resource
|b cr
|2 rdacarrier
|
| 500 |
|
|
|a Record is based on bibliographic data in ProQuest U.S. Congressional Research Digital Collection. Reuse except for individual research requires license from ProQuest, LLC.
|
| 500 |
|
|
|a Electronic resource.
|
| 610 |
1 |
0 |
|a United States.
|b Department of Homeland Security
|x Appropriations and expenditures.
|
| 655 |
|
7 |
|a Electronic books.
|2 local
|
| 710 |
2 |
|
|a ProQuest (Firm)
|
| 710 |
1 |
|
|a United States.
|b Congress.
|b House.
|b Committee on the Budget.
|
| 776 |
0 |
8 |
|i Print version:
|t Appropriations Update
|
| 776 |
0 |
8 |
|i Microfiche version:
|t Appropriations Update
|d [Bethesda, Md.] : ProQuest,[2004]
|o CIS 2004 H262-33
|w (ProQuest)cis00401246
|
| 830 |
|
0 |
|a U.S. Congressional Research.
|
| 856 |
4 |
0 |
|u http://proxy.library.tamu.edu/login?url=https://congressional.proquest.com/congcomp/getdoc?CRDC-ID=CMP-2004-BGH-0106
|z Connect to the full text of this electronic book
|t 0
|
| 948 |
|
|
|a cis00401246
|
| 999 |
|
|
|a MARS
|
| 999 |
f |
f |
|s 04fefdb5-d737-3862-b7f4-7c77320e3786
|i f27ad39f-1c9c-39e5-b1ba-b85ca26bc2d1
|t 0
|
| 952 |
f |
f |
|a Texas A&M University
|b College Station
|c Electronic Resources
|s www_evans
|d Available Online
|t 0
|e CMP-2004-BGH-0106
|h Other scheme
|
| 998 |
f |
f |
|a CMP-2004-BGH-0106
|t 0
|l Available Online
|